000 00211nam a22000857a 4500
008 160702b xxu||||| |||| 00| 0 eng d
100 _91769
_a Rao, V.K
245 _aHigher Education
260 _aNew Delhi
_bA.P.H
_c2004
999 _c1473
_d1473